| 000 | 00670nam a2200205Ia 4500 | ||
|---|---|---|---|
| 003 | GCL | ||
| 008 | 140319s9999 xx 000 0 ara d | ||
| 040 |
_aGCL / _cGCL |
||
| 082 | 0 | 4 |
_a338.9587 _bا ا |
| 100 | 1 | _aاسلام كريموف | |
| 245 | 1 | 0 |
_aاوزبكستان: على طريق تعميق الاصلاحات الاقتصادية / _cاسلام كريموف |
| 300 | _a210 ص | ||
| 490 |
_aالهيئة العامة للاستعلامات _v0 |
||
| 650 | 0 | 4 | _aالاقتصاد |
| 650 | 0 | 4 | _aالتخطيط الاقتصادى |
| 650 | 0 | 4 | _aالتنمية الاقتصادية |
| 650 | 0 | 4 | _aراس المال |
| 650 | 0 | 4 | _aالانتاج |
| 942 |
_2ddc _cBK |
||
| 999 |
_c49035 _d49035 |
||